Statistics for Dog Man Books

Click here to take the quiz!

General Stats

  • This quiz has been taken 16 times
  • The average score is 5 of 10

Answer Stats

Answer% Correct
Dog Man
100%
Unleashed
78%
Brawl of the Wild
56%
Fetch-22
56%
Lord of the Fleas
56%
For Whom the Ball Rolls
44%
Grime and Punishment
44%
Mothering Heights
44%
A Tale of Two Kittens
33%
And Cat Kid
22%

Score Distribution

Percentile by Number Answered

Percent of People with Each Score

Your Score History

You have not taken this quiz